El derecho administrativo y la protección de las personas : libro homenaje a 30 años de docencia del profesor Ramiro Mendoza en la UC /

Bibliographic Details
Other Authors: Soto Kloss, Eduardo (Editor)
Format: Electronic eBook
Language:Spanish
Published: Santiago, Chile : Ediciones UC, [2017]
Series:Colección Pedro Lira Urquieta (Universidad Católica de Chile)
Subjects:
Online Access:Digitalia Hispánica

MARC

LEADER 00000nam a2200000Ii 4500
001 DIGUCCH0254
003 NyNyDIG
006 m o d
007 cr |||||||||||
008 250801s2017 cl a ob 000 0 spa d
035 |a (OCoLC)1402338628 
040 |a DGITA  |b eng  |e rda  |e pn  |c DGITA 
020 |a 9789561422063  |q edición digital 
020 |z 9789561421622  |q edición impresa 
050 1 4 |a K3236 ebook 
245 0 3 |a El derecho administrativo y la protección de las personas :  |b libro homenaje a 30 años de docencia del profesor Ramiro Mendoza en la UC /  |c Eduardo Soto Kloss (editor). 
264 1 |a Santiago, Chile :  |b Ediciones UC,  |c [2017] 
300 |a 1 online resource :  |b illustrations. 
336 |a text  |b txt  |2 rdacontent 
337 |a computer  |b c  |2 rdamedia 
338 |a online resource  |b cr  |2 rdacarrier 
347 |a text file  |2 rdaft 
347 |b EPUB 
490 1 |a Colección Pedro Lira Urquieta 
504 |a Includes bibliographical references. 
588 0 |a Online resource; title from ePub title page (Digitalia, viewed August 1, 2025) 
650 0 |a Civil rights. 
650 0 |a Administrative law. 
700 1 |a Soto Kloss, Eduardo,  |e editor. 
776 0 8 |i Print version:  |t Derecho administrativo y la protección de las personas.  |d Santiago, Chile : Ediciones UC, [2017]  |z 9789561421622 
791 2 |a Digitalia (Firm),  |e distributor. 
793 0 |g Digitalia eBook Collection:  |a Universidad Católica de Chile 
830 0 |a Colección Pedro Lira Urquieta (Universidad Católica de Chile) 
856 4 0 |3 Digitalia Hispánica  |u https://www.digitaliapublishing.com/a/175553/ 
910 |a Premium collection: 2025